000 00441nam a2200181Ia 4500
001 14819
005 20260306164942.0
008 260306t2007||||xx |||||||||||||| ||spa||
041 _aESP
082 _a519.4
_bCH523 2007
100 _aChapra, Steven C.
_eAUT
245 0 _aMétodos numéricos para ingenieros
260 _c2007
300 _axix, 977páginas :
_c23 cm.
650 _aGEN
654 _aCMA
942 _cLIB
_dJUS
_fJUS
_2ddc
_n
999 _c14819
_d14819